Statistics for Looking for 5 European Cities #2

Click here to take the quiz!

General Stats

  • This quiz has been taken 110 times
  • The average score is 169 of 235

Answer Stats

ANSWER% Correct
BERL 194º
96%
BERL 214º
96%
BERL 219º
96%
BERL 330º
96%
BERL 51º
96%
BERN 214º
96%
BERN 236º
96%
BERN 354º
96%
BERN 46º
96%
BERN 66º
96%
LON 114º
94%
LON 150º
94%
LON 171º
94%
LON 18º
94%
LON 63º
94%
OSL 177º
91%
OSL 193º
91%
OSL 196º
91%
OSL 280º
91%
OSL 89º
91%
STO 198º
90%
STO 209º
90%
STO 210º
90%
STO 279º
90%
STO 84º
90%
MAD 15º
87%
MAD 47º
87%
MAD 49º
87%
MAD 54º
87%
MAD 77º
87%
AMS 1º
86%
AMS 134º
86%
AMS 180º
86%
AMS 189º
86%
AMS 61º
86%
LIS 22º
86%
LIS 49º
86%
LIS 55º
86%
LIS 57º
86%
LIS 72º
86%
PAR 151º
86%
PAR 181º
86%
PAR 55º
86%
PAR 8º
86%
PAR 96º
86%
ROM 266º
86%
ROM 304º
86%
ROM 31º
86%
ROM 346º
86%
ROM 353º
86%
MOS 238º
84%
MOS 244º
84%
MOS 285º
84%
MOS 317º
84%
BRU 120º
83%
BRU 176º
83%
BRU 189º
83%
BRU 3º
83%
BRU 58º
83%
HEL 212º
83%
HEL 216º
83%
HEL 219º
83%
HEL 271º
83%
HEL 94º
83%
DUB 114º
82%
DUB 136º
82%
DUB 154º
82%
DUB 41º
82%
DUB 71º
82%
COP 184º
79%
COP 205º
79%
COP 206º
79%
COP 320º
79%
COP 65º
79%
ATH 10º
78%
ATH 281º
78%
ATH 298º
78%
ATH 318º
78%
ATH 332º
78%
MON 238º
77%
MON 317º
77%
MON 33º
77%
MON 355º
77%
MON 40º
77%
WAR 229º
77%
WAR 235º
77%
WAR 238º
77%
WAR 313º
77%
WAR 33º
77%
PRA 223º
75%
PRA 224º
75%
PRA 235º
75%
PRA 333º
75%
PRA 42º
75%
BUC 260º
74%
BUC 275º
74%
BUC 290º
74%
BUC 321º
74%
BUC 9º
74%
SAN 251º
74%
SAN 288º
74%
SAN 34º
74%
SAN 345º
74%
SAN 351º
74%
VIE 235º
74%
VIE 252º
74%
VIE 268º
74%
VIE 332º
74%
VIE 34º
74%
BRA 237º
73%
BRA 253º
73%
BRA 269º
73%
BRA 33º
73%
BRA 330º
73%
BUD 243º
73%
BUD 259º
73%
BUD 27º
73%
BUD 277º
73%
BUD 328º
73%
KIE 245º
73%
KIE 254º
73%
KIE 259º
73%
KIE 304º
73%
KIE 359º
73%
LUX 112º
73%
LUX 192º
73%
LUX 198º
73%
LUX 357º
73%
LUX 53º
73%
RIG 220º
73%
RIG 222º
73%
RIG 226º
73%
RIG 289º
73%
RIG 47º
73%
AND 157º
71%
AND 36º
71%
AND 45º
71%
AND 51º
71%
AND 7º
71%
BEL 21º
71%
BEL 255º
71%
BEL 274º
71%
BEL 298º
71%
BEL 329º
71%
VAD 222º
71%
VAD 246º
71%
VAD 349º
71%
VAD 43º
71%
VAD 54º
71%
VAT 266º
71%
VAT 305º
71%
VAT 31º
71%
VAT 346º
71%
VAT 354º
71%
TAL 214º
70%
TAL 218º
70%
TAL 221º
70%
TAL 275º
70%
TAL 79º
70%
REY 106º
68%
REY 131º
68%
REY 140º
68%
REY 148º
68%
REY 99º
68%
SOF 14º
68%
SOF 265º
68%
SOF 282º
68%
SOF 303º
68%
SOF 328º
68%
VAL 23º
65%
VAL 299º
65%
VAL 323º
65%
VAL 346º
65%
VAL 349º
65%
VIL 229º
65%
VIL 232º
65%
VIL 235º
65%
VIL 27º
65%
VIL 298º
65%
LJU 242º
64%
LJU 267º
64%
LJU 316º
64%
LJU 339º
64%
LJU 34º
64%
MIN 13º
64%
MIN 233º
64%
MIN 240º
64%
MIN 298º
64%
ZAG 246º
64%
ZAG 269º
64%
ZAG 307º
64%
ZAG 31º
64%
ZAG 336º
64%
PRI 18º
58%
PRI 264º
58%
PRI 284º
58%
PRI 309º
58%
PRI 331º
58%
SAR 24º
56%
SAR 258º
56%
SAR 281º
56%
SAR 312º
56%
SAR 334º
56%
SKO 17º
55%
SKO 267º
55%
SKO 287º
55%
SKO 311º
55%
SKO 331º
55%
POD 21º
52%
POD 265º
52%
POD 287º
52%
POD 316º
52%
POD 334º
52%
CHI 253º
51%
CHI 265º
51%
CHI 275º
51%
CHI 3º
51%
CHI 314º
51%
TIR 19º
51%
TIR 270º
51%
TIR 292º
51%
TIR 319º
51%
TIR 334º
51%
France
29%
Germany
29%
2 000
26%
Russia
23%
30 000
22%
2
19%
30
18%
Spain
18%
Norway
17%
500
12%

Score Distribution

Percentile by Number Answered

Percent of People with Each Score

Your Score History

You have not taken this quiz